000
00276nam a2200121Ia 4500
100
_a
Gupta & kaushish.
942
_c
BK
654
_a
Basic fitting tools.
245
_a
Basic fitting tools.
260
_b
New heights publishers .
_c
2001
082
_a
621.9
546
_a
ENGLISH
999
_c
23254
_d
23254